Saaria satelliittikuvien mukaan #2 - Statistics

Yleistilastot
  • Tätä visaa on pelattu 331 kertaa
  • Keskiarvotulos 9 / 16
Vastaustilastot
Kuvavisa Vastaus % Oikein
Kypros
96%
Sri Lanka
86%
Taiwan
79%
Manhattan
72%
Kreeta
69%
Sisilia
69%
Pohjoissaari
58%
Trinidad ja Tobago
57%
Tasmania
55%
Hispaniola
53%
Newfoundland
48%
Sulawesi
43%
Baffininsaari
39%
Luzon
38%
Palm Jumeirah
35%
Mallorca
25%
Ehtoja vastaavia visoja ei löytynyt
Tulosjakauma
Jokaisen tuloksen saaneiden osuus
Persentiili vastausten määrän mukaan
Tuloshistoriasi
Et ole pelannut tätä visaa